Loading...
| Literature - American | 0 | 3 | 0 | 0 | 30 | 24 | 59.00 | 0 | 2 | 0.00 | 0.00 |
| Painting/Sculpture | 0 | 3 | 0 | 1 | 30 | 81 | 88.33 | 0 | 0 | 0.00 | 0.00 |
| Literature - British | 0 | 3 | 0 | 1 | 30 | 70 | 89.00 | 0 | 0 | 0.00 | 0.00 |
| Religion | 0 | 2 | 0 | 0 | 20 | 55 | 80.50 | 0 | 1 | 0.00 | 0.00 |
| Pop Culture | 0 | 2 | 0 | 0 | 20 | 40 | 62.00 | 0 | 1 | 0.00 | 0.00 |
| Fine Arts - Other | 0 | 2 | 1 | 0 | 15 | 51 | 55.50 | 1 | 2 | 0.00 | 0.00 |
| Literature - European | 0 | 1 | 0 | 0 | 10 | 74 | 74.00 | 0 | 1 | 0.00 | 0.00 |
| Fine Arts - Classical Music | 0 | 1 | 1 | 0 | 5 | 105 | 105.00 | 0 | 0 | 0.00 | 0.00 |
| Current Events | 0 | 0 | 1 | 0 | -5 | 0.00 | 0 | 0 | 0.00 | 0.00 |